| 000 | 00776nam a22002897a 4500 | ||
|---|---|---|---|
| 001 | BR6007175 | ||
| 003 | BR-BrBNA | ||
| 005 | 20240703154029.0 | ||
| 008 | 230509b bl.||||| |||| 00| 0 por d | ||
| 040 |
_aBR-BrBNA _bpor |
||
| 041 | _a(Por) | ||
| 072 |
_aC00; E50 _b/G514 |
||
| 090 |
_aC00 _bBR6007175 |
||
| 110 | 1 |
_aAssociação de Credito e Assistência Rural do Estado do Maranhão _9490 |
|
| 245 | 1 | _aDia de campo / | |
| 260 | 3 |
_aSao Luis, MA (Brasil): _c1973. |
|
| 300 | _a25 p. | ||
| 650 | _aPRODUCAO VEGETAL | ||
| 650 | _aPRODUCAO ANIMAL | ||
| 650 | _aASSISTENCIA TECNICA | ||
| 650 | _aEXTENSAO RURAL | ||
| 650 | _aCOMUNIDADE RURAL | ||
| 650 | _aMARANHAO | ||
| 909 |
_a07/2024 _bSARAH |
||
| 942 | _cBK | ||
| 999 |
_c12519 _d12519 |
||